[Event "Hastings Masters op 91st"]
[Site "Hastings"]
[Date "2016.01.03"]
[Round "7"]
[White "Helbig, Paul"]
[Black "Taylor, Adam C"]
[Result "0-1"]
[WhiteElo "2122"]
[BlackElo "2282"]
[PlyCount "68"]
[EventDate "2015.12.28"]
[EventType "swiss"]
[EventRounds "9"]
[EventCountry "ENG"]
[SourceTitle "CBM 170 Extra"]
[Source "ChessBase"]
[SourceDate "2016.02.25"]
[SourceVersion "1"]
[SourceVersionDate "2016.02.25"]
[SourceQuality "1"]

1. e4 e5 2. f4 d5 3. exd5 exf4 4. Nf3 Nf6 5. Bc4 Nxd5 6. Bxd5 Qxd5 7. 0-0 Nc6 8. Nc3 Qf5 9. Qe2+ Be6 10. Qb5 Qxb5 11. Nxb5 0-0-0 12. d3 a6 13. Nc3 Bc5+ 14. Kh1 Nb4 15. Ne4 Be3 16. Bxe3 fxe3 17. Ne1 Rhe8 18. a3 Nc6 19. Ng5 f6 20. Nxe6 Rxe6 21. Rf4 g5 22. Rc4 f5 23. Rc5 Rf8 24. g4 Re5 25. Rc4 fxg4 26. Rxg4 Rf1+ 27. Kg2 Ref5 28. h4 R5f2+ 29. Kg3 Rg1+ 30. Kh3 Rh1+ 31. Kg3 gxh4+ 32. Rxh4 Rg1+ 33. Kh3 Re2 34. Rg4 Rh1+ 0-1

[Event "Hastings Masters op 91st"]
[Site "Hastings"]
[Date "2015.12.31"]
[Round "4"]
[White "Helbig, Paul"]
[Black "Hand, Freddie"]
[Result "1-0"]
[WhiteElo "2122"]
[BlackElo "1878"]
[PlyCount "37"]
[EventDate "2015.12.28"]
[EventType "swiss"]
[EventRounds "9"]
[EventCountry "ENG"]
[SourceTitle "CBM 170 Extra"]
[Source "ChessBase"]
[SourceDate "2016.02.25"]
[SourceVersion "1"]
[SourceVersionDate "2016.02.25"]
[SourceQuality "1"]

1. e4 e5 2. f4 exf4 3. Nf3 Be7 4. Bc4 Nf6 5. e5 Ng4 6. 0-0 d5 7. exd6 Qxd6 8. d4 0-0 9. Nc3 Qh6 10. Qe2 Bd6 11. Nb5 Nc6 12. Nxd6 Qxd6 13. Qe4 Ne3 14. Bxe3 fxe3 15. Ng5 g6 16. Rxf7 Rxf7 17. Nxf7 Qxd4 18. Qe8+ Kg7 19. Qh8# 1-0

[Event "Hastings Masters op 91st"]
[Site "Hastings"]
[Date "2015.12.29"]
[Round "2"]
[White "Helbig, Paul"]
[Black "Brooke, John1111"]
[Result "1-0"]
[WhiteElo "2122"]
[BlackElo "1770"]
[PlyCount "59"]
[EventDate "2015.12.28"]
[EventType "swiss"]
[EventRounds "9"]
[EventCountry "ENG"]
[SourceTitle "CBM 170 Extra"]
[Source "ChessBase"]
[SourceDate "2016.02.25"]
[SourceVersion "1"]
[SourceVersionDate "2016.02.25"]
[SourceQuality "1"]

1. e4 d6 2. d4 Nf6 3. Nc3 g6 4. f4 Bg7 5. Nf3 c5 6. dxc5 Qa5 7. Qd4 Qxc5 8. Qxc5 dxc5 9. e5 Nfd7 10. Nd5 Kd8 11. Ng5 Rf8 12. Nxh7 Rh8 13. Ng5 Rf8 14. e6 Nf6 15. Nxf6 exf6 16. Nxf7+ Ke7 17. f5 gxf5 18. Bf4 Bxe6 19. Nd6 Nc6 20. Bc4 Ne5 21. Bxe6 Kxe6 22. Nxb7 Rfc8 23. 0-0-0 Rc6 24. Nd8+ Rxd8 25. Rxd8 Rd6 26. Rxd6+ Kxd6 27. Rd1+ Ke6 28. Rd8 Ke7 29. Rc8 c4 30. Rc7+ 1-0

[Event "Torquay op 49th"]
[Site "Torquay"]
[Date "2015.11.14"]
[Round "3"]
[White "Cordner, David A"]
[Black "Helbig, Paul"]
[Result "0-1"]
[WhiteElo "1981"]
[BlackElo "2122"]
[PlyCount "48"]
[EventDate "2015.11.13"]
[EventType "swiss"]
[EventRounds "5"]
[EventCountry "ENG"]
[SourceTitle "EXT 2022"]
[Source "ChessBase"]
[SourceDate "2021.10.06"]
[SourceVersion "1"]
[SourceVersionDate "2021.10.06"]
[SourceQuality "1"]

1. d4 Nf6 2. Bg5 c5 3. d5 Qb6 4. Nc3 Qxb2 5. Bd2 Qb6 6. e4 d6 7. f4 g6 8. Nf3 Bg7 9. Rb1 Qd8 10. Bb5+ Nfd7 11. 0-0 0-0 12. f5 a6 13. fxg6 axb5 14. gxf7+ Rxf7 15. Nxb5 Ne5 16. Nxe5 Rxf1+ 17. Qxf1 Bxe5 18. Bh6 Rxa2 19. Nc7 Rxc2 20. Rb3 Rc3 21. Rxc3 Bxc3 22. Qf4 Bf6 23. g4 Qxc7 24. g5 Bg7 0-1

[Event "Torquay op 46th"]
[Site "Torquay"]
[Date "2012.11.09"]
[Round "1"]
[White "Pleasants, Allan J"]
[Black "Helbig, Paul"]
[Result "0-1"]
[WhiteElo "2103"]
[BlackElo "2122"]
[PlyCount "84"]
[EventDate "2012.11.09"]
[EventType "swiss"]
[EventRounds "5"]
[EventCountry "ENG"]
[SourceTitle "EXT 2022"]
[Source "ChessBase"]
[SourceDate "2021.10.06"]
[SourceVersion "1"]
[SourceVersionDate "2021.10.06"]
[SourceQuality "1"]

1. Nf3 d6 2. d4 g6 3. g3 Bg7 4. Bg2 Nf6 5. 0-0 0-0 6. Nc3 c5 7. d5 Na6 8. e4 Nc7 9. Qd3 Nd7 10. a4 Rb8 11. Nd2 a6 12. Nc4 b5 13. axb5 axb5 14. Na5 Ne5 15. Qd1 b4 16. Ne2 Ra8 17. Nc6 Nxc6 18. Rxa8 Nxa8 19. dxc6 Ba6 20. Re1 Bb5 21. Nf4 e6 22. h4 Bxc6 23. h5 Nb6 24. Bh3 Qe7 25. Nd5 Bxd5 26. exd5 e5 27. f4 f5 28. hxg6 hxg6 29. fxe5 Bxe5 30. Bf4 Bd4+ 31. Kh2 Qf7 32. c3 bxc3 33. bxc3 Bxc3 34. Re6 Ra8 35. Qe2 Nxd5 36. Bxd6 Ra2 37. Rxg6+ Qxg6 38. Qxa2 Qxd6 39. Bg2 Qh6+ 40. Kg1 Bd4+ 41. Kf1 Qc1+ 42. Ke2 Qe3+ 0-1

[Event "Bournemouth op"]
[Site "Bournemouth"]
[Date "2012.04.22"]
[Round "5"]
[White "Helbig, Paul"]
[Black "Brookfield, Toby"]
[Result "1/2-1/2"]
[WhiteElo "2122"]
[BlackElo "1830"]
[PlyCount "59"]
[EventDate "2012.04.20"]
[EventType "swiss"]
[EventRounds "5"]
[EventCountry "ENG"]
[SourceTitle "CBM 148 Extra"]
[Source "ChessBase"]
[SourceDate "2012.06.22"]
[SourceVersion "1"]
[SourceVersionDate "2012.06.22"]
[SourceQuality "1"]

1. e4 c5 2. Nc3 d6 3. g3 Nc6 4. Bg2 g6 5. d3 Bg7 6. f4 e6 7. Nf3 Nge7 8. 0-0 0-0 9. Be3 Rb8 10. d4 cxd4 11. Nxd4 Qb6 12. Nce2 Qxb2 13. Qd3 Nb4 14. Qd2 Qa3 15. Rab1 Nbc6 16. Nb5 Qa6 17. Qxd6 Rd8 18. Qa3 b6 19. Qxa6 Bxa6 20. a4 Na5 21. Rfd1 Nc4 22. Bf2 Na3 23. Nxa3 Bxe2 24. Rxd8+ Rxd8 25. Re1 Ba6 26. Nb5 Nc6 27. e5 Bxb5 28. axb5 Nd4 29. c4 Bf8 30. Ra1 1/2-1/2

[Event "Hastings Masters op 87th"]
[Site "Hastings"]
[Date "2012.01.05"]
[Round "9"]
[White "Radovanovic, Jovica"]
[Black "Helbig, Paul"]
[Result "1-0"]
[WhiteElo "2309"]
[BlackElo "2128"]
[PlyCount "63"]
[EventDate "2011.12.28"]
[EventType "swiss"]
[EventRounds "9"]
[EventCountry "ENG"]
[SourceTitle "CBM 146 Extra"]
[Source "ChessBase"]
[SourceDate "2012.02.29"]
[SourceVersion "1"]
[SourceVersionDate "2012.02.29"]
[SourceQuality "1"]

1. Nf3 Nf6 2. d4 g6 3. c4 Bg7 4. g3 0-0 5. Bg2 d6 6. 0-0 c6 7. Nc3 Qa5 8. e4 e5 9. Re1 Nbd7 10. h3 exd4 11. Nxd4 Ne5 12. Bf1 Re8 13. Nb3 Qc7 14. Be3 Be6 15. Nd2 d5 16. exd5 cxd5 17. Bf4 Nh5 18. cxd5 Bd7 19. Rc1 Nxf4 20. gxf4 Nd3 21. Bxd3 Qxf4 22. Ne2 Qg5+ 23. Ng3 Bd4 24. Ndf1 Rxe1 25. Qxe1 Re8 26. Qd2 Qxd5 27. Bc4 Qf3 28. Rc3 Qf6 29. Rd3 Bxh3 30. Rxd4 Qf3 31. Bd5 Re4 32. Bxe4 1-0

[Event "Hastings Masters op 87th"]
[Site "Hastings"]
[Date "2012.01.04"]
[Round "8"]
[White "Helbig, Paul"]
[Black "Luaces Rubio, Alfredo"]
[Result "1-0"]
[WhiteElo "2128"]
[BlackElo "2020"]
[PlyCount "65"]
[EventDate "2011.12.28"]
[EventType "swiss"]
[EventRounds "9"]
[EventCountry "ENG"]
[SourceTitle "CBM 146 Extra"]
[Source "ChessBase"]
[SourceDate "2012.02.29"]
[SourceVersion "1"]
[SourceVersionDate "2012.02.29"]
[SourceQuality "1"]

1. e4 c5 2. Nc3 Nc6 3. g3 g6 4. Bg2 Bg7 5. d3 d6 6. Be3 Nf6 7. h3 e5 8. Qd2 h6 9. Nge2 Rb8 10. a3 Be6 11. 0-0 Qd7 12. Kh2 Nd4 13. f4 h5 14. fxe5 dxe5 15. Bg5 Nh7 16. Bh6 0-0 17. Bxg7 Kxg7 18. Nxd4 cxd4 19. Nd5 f6 20. c4 dxc3 21. bxc3 Qd6 22. c4 Bxd5 23. exd5 Qc5 24. Qb4 Rfc8 25. Qxc5 Rxc5 26. Rfb1 b6 27. a4 Rbc8 28. a5 bxa5 29. Rb7+ R8c7 30. Rxc7+ Rxc7 31. d6 Rd7 32. c5 Nf8 33. c6 1-0

[Event "Hastings Masters op 87th"]
[Site "Hastings"]
[Date "2012.01.01"]
[Round "5"]
[White "Eames, Robert"]
[Black "Helbig, Paul"]
[Result "1-0"]
[WhiteElo "2241"]
[BlackElo "2128"]
[PlyCount "47"]
[EventDate "2011.12.28"]
[EventType "swiss"]
[EventRounds "9"]
[EventCountry "ENG"]
[SourceTitle "CBM 146 Extra"]
[Source "ChessBase"]
[SourceDate "2012.02.29"]
[SourceVersion "1"]
[SourceVersionDate "2012.02.29"]
[SourceQuality "1"]

1. e4 g6 2. d4 d6 3. Nc3 Bg7 4. f4 Nf6 5. Nf3 c5 6. dxc5 Qa5 7. Qd4 Nc6 8. Bb5 0-0 9. Qa4 Qxa4 10. Bxa4 dxc5 11. e5 Nd7 12. Be3 f6 13. Bb3+ Kh8 14. e6 Ndb8 15. Bxc5 b6 16. Ba3 Na5 17. Bd5 Bb7 18. 0-0-0 Na6 19. Bxb7 Nxb7 20. Rhe1 Rfe8 21. Nd5 Bf8 22. Nd4 Rac8 23. Nb5 Rc4 24. b3 1-0

[Event "Hastings Masters op 87th"]
[Site "Hastings"]
[Date "2011.12.30"]
[Round "3"]
[White "Helbig, Paul"]
[Black "Talsma, Paul"]
[Result "0-1"]
[WhiteElo "2128"]
[BlackElo "2246"]
[PlyCount "86"]
[EventDate "2011.12.28"]
[EventType "swiss"]
[EventRounds "9"]
[EventCountry "ENG"]
[SourceTitle "CBM 146 Extra"]
[Source "ChessBase"]
[SourceDate "2012.02.29"]
[SourceVersion "1"]
[SourceVersionDate "2012.02.29"]
[SourceQuality "1"]

1. e4 e5 2. f4 exf4 3. Nf3 Be7 4. Nc3 Bh4+ 5. Ke2 d6 6. d4 Bg4 7. Bxf4 Nc6 8. Qd3 Nge7 9. Kd2 Bf6 10. Be3 0-0 11. h3 Bxf3 12. gxf3 Nb4 13. Qe2 d5 14. e5 Bxe5 15. dxe5 d4 16. Rd1 dxc3+ 17. Kxc3 Ned5+ 18. Kb3 Qe7 19. a3 Rfd8 20. Bg5 Qxg5 21. axb4 a5 22. Qe4 Nxb4 23. f4 Qe7 24. Rxd8+ Rxd8 25. c3 Na6 26. Bxa6 bxa6 27. Qc6 Rb8+ 28. Kc2 Qh4 29. Qf3 Qh6 30. Kc1 Qb6 31. Qe2 a4 32. Qc2 Qe3+ 33. Qd2 Qxd2+ 34. Kxd2 Rxb2+ 35. Kd3 a3 36. Ra1 a2 37. Kc4 Kf8 38. f5 Ke7 39. Kc5 f6 40. exf6+ Kxf6 41. c4 Kxf5 42. Kc6 Ke4 43. c5 Kd4 0-1

[Event "Hastings Masters op 87th"]
[Site "Hastings"]
[Date "2011.12.29"]
[Round "2"]
[White "Prosviriakov, Vladimir"]
[Black "Helbig, Paul"]
[Result "1/2-1/2"]
[WhiteElo "2274"]
[BlackElo "2128"]
[PlyCount "135"]
[EventDate "2011.12.28"]
[EventType "swiss"]
[EventRounds "9"]
[EventCountry "ENG"]
[SourceTitle "CBM 146 Extra"]
[Source "ChessBase"]
[SourceDate "2012.02.29"]
[SourceVersion "1"]
[SourceVersionDate "2012.02.29"]
[SourceQuality "1"]

1. e4 d6 2. d4 Nf6 3. Nc3 g6 4. g3 Bg7 5. Bg2 0-0 6. Nge2 e5 7. h3 c6 8. a4 Na6 9. 0-0 Nb4 10. a5 Re8 11. Be3 exd4 12. Bxd4 Bd7 13. g4 c5 14. Be3 Bc6 15. Ng3 Nd7 16. Qe2 b6 17. Rfd1 Qb8 18. axb6 axb6 19. Rxa8 Bxa8 20. Nb5 Bf8 21. c3 Nc6 22. f4 Na7 23. g5 Nxb5 24. Qxb5 Qb7 25. Rd2 Qc6 26. Qf1 Qc7 27. Kh2 Bc6 28. Bg1 b5 29. h4 Rb8 30. h5 b4 31. c4 Be7 32. Qd1 Ra8 33. Bh3 Nf8 34. Be3 Qb7 35. Qb1 Nd7 36. b3 Qa7 37. h6 Bf8 38. Qb2 Qa3 39. Qc2 Qa1 40. Qd3 Ra2 41. Rxa2 Qxa2+ 42. Kg1 Qa1+ 43. Nf1 Qc3 44. Qxc3 bxc3 45. Kf2 f6 46. Be6+ Kh8 47. Bxd7 Bxd7 48. Ke2 fxg5 49. fxg5 Bc6 50. Kd3 Kg8 51. Ng3 Kf7 52. Kxc3 Ke6 53. Bf4 Be7 54. Kd3 Bd8 55. Nf1 Bb7 56. Nd2 Ba5 57. Nf3 Bc6 58. Bc1 Bd8 59. Bb2 Bb7 60. Ke3 Kf7 61. Kf4 Ke6 62. Nh4 Kf7 63. e5 dxe5+ 64. Bxe5 Be7 65. Bc3 Bd6+ 66. Kg4 Be4 67. Nf3 Bf5+ 68. Kh4 1/2-1/2

[Event "Hastings Masters op 86th"]
[Site "Hastings"]
[Date "2010.12.31"]
[Round "4"]
[White "Helbig, Paul"]
[Black "Radovanovic, Jovica"]
[Result "1/2-1/2"]
[WhiteElo "2115"]
[BlackElo "2276"]
[PlyCount "91"]
[EventDate "2010.12.28"]
[EventType "swiss"]
[EventRounds "9"]
[EventCountry "ENG"]
[SourceTitle "CBM 140 Extra"]
[Source "ChessBase"]
[SourceDate "2011.03.01"]
[SourceVersion "1"]
[SourceVersionDate "2011.03.01"]
[SourceQuality "1"]

1. e4 c5 2. Nc3 Nc6 3. g3 g6 4. Bg2 Bg7 5. d3 d6 6. Be3 e5 7. Qd2 Nge7 8. f4 exf4 9. Bxf4 Nd4 10. Nf3 Nxf3+ 11. Bxf3 Be6 12. Bh6 0-0 13. Bxg7 Kxg7 14. d4 Nc6 15. dxc5 Ne5 16. Be2 dxc5 17. 0-0-0 Qxd2+ 18. Rxd2 Rfd8 19. Rhd1 Rxd2 20. Rxd2 Rc8 21. b3 g5 22. Nd1 c4 23. Kb2 h5 24. c3 h4 25. gxh4 gxh4 26. Ne3 cxb3 27. axb3 Kh6 28. Rd1 Rg8 29. Rf1 h3 30. Rf6+ Rg6 31. Rxg6+ Kxg6 32. c4 Kg5 33. Kc3 Kf4 34. Kd4 Nc6+ 35. Kd3 Ne5+ 36. Kd4 Nf3+ 37. Bxf3 Kxf3 38. b4 a6 39. c5 Kf2 40. Nd1+ Kf3 41. e5 Bd7 42. Ne3 Be6 43. Nd1 Bd7 44. Ne3 Be6 45. Nd1 Bd7 46. Ne3 1/2-1/2

[Event "Hastings Masters op 86th"]
[Site "Hastings"]
[Date "2010.12.28"]
[Round "1"]
[White "Kelly, Paul J"]
[Black "Helbig, Paul"]
[Result "1/2-1/2"]
[WhiteElo "1946"]
[BlackElo "2115"]
[PlyCount "129"]
[EventDate "2010.12.28"]
[EventType "swiss"]
[EventRounds "9"]
[EventCountry "ENG"]
[SourceTitle "CBM 140 Extra"]
[Source "ChessBase"]
[SourceDate "2011.03.01"]
[SourceVersion "1"]
[SourceVersionDate "2011.03.01"]
[SourceQuality "1"]

1. e4 g6 2. c4 e5 3. Nc3 Nc6 4. d3 d6 5. Nge2 Bg7 6. g3 Be6 7. Bg2 Qd7 8. h3 Nge7 9. a3 f5 10. b3 0-0 11. Nd5 f4 12. Nec3 fxg3 13. fxg3 Rf7 14. Ra2 Raf8 15. Nxe7+ Nxe7 16. Be3 c6 17. Rf2 d5 18. Rxf7 Rxf7 19. cxd5 cxd5 20. exd5 Nxd5 21. Nxd5 Bxd5 22. Be4 Be6 23. g4 Bd5 24. Qc2 Bf8 25. b4 Qb5 26. Qg2 Bxe4 27. Qxe4 a5 28. Bd2 axb4 29. axb4 Rd7 30. Qc4+ Qxc4 31. dxc4 e4 32. Ke2 Rd3 33. c5 Kf7 34. Rf1+ Ke8 35. Rf4 Rxh3 36. Rxe4+ Kd7 37. g5 Be7 38. Re5 Rb3 39. Kd1 Rf3 40. Re1 Rf5 41. Rh1 Bxg5 42. Bxg5 Rxg5 43. Rxh7+ Kc6 44. Kc2 Rg3 45. Rf7 g5 46. Rf6+ Kd7 47. b5 Re3 48. Rf5 g4 49. Rg5 g3 50. Rg7+ Re7 51. Rxg3 Re5 52. Rc3 Kc7 53. Kd3 b6 54. Kd4 Rxc5 55. Rxc5+ bxc5+ 56. Kxc5 Kb7 57. b6 Kb8 58. Kc6 Kc8 59. Kb5 Kb7 60. Ka5 Kb8 61. Kb4 Kb7 62. Kb5 Kb8 63. Kb4 Kb7 64. Kb5 Kb8 65. Ka6 1/2-1/2

[Event "GBR-ch 97th"]
[Site "Canterbury"]
[Date "2010.08.05"]
[Round "10"]
[White "McCullough, Simon L"]
[Black "Helbig, Paul"]
[Result "0-1"]
[WhiteElo "2030"]
[BlackElo "2160"]
[PlyCount "30"]
[EventDate "2010.07.26"]
[EventType "swiss"]
[EventRounds "11"]
[EventCountry "ENG"]
[SourceTitle "CBM 137 Extra"]
[Source "ChessBase"]
[SourceDate "2010.09.01"]
[SourceVersion "1"]
[SourceVersionDate "2010.09.01"]
[SourceQuality "1"]

1. e4 e5 2. f4 exf4 3. Bc4 d5 4. Bxd5 Nf6 5. Bb3 Nxe4 6. Nf3 Bd6 7. Qe2 0-0 8. 0-0 Re8 9. Qc4 Be6 10. Qxe4 Bxb3 11. Qxb7 Bc5+ 12. d4 Bxd4+ 13. Nxd4 Qxd4+ 14. Kh1 Bd5 15. Qxc7 Qe4 0-1

[Event "GBR-ch 97th"]
[Site "Canterbury"]
[Date "2010.08.04"]
[Round "9"]
[White "Helbig, Paul"]
[Black "Jameson, David"]
[Result "0-1"]
[WhiteElo "2160"]
[BlackElo "2047"]
[PlyCount "108"]
[EventDate "2010.07.26"]
[EventType "swiss"]
[EventRounds "11"]
[EventCountry "ENG"]
[SourceTitle "CBM 137 Extra"]
[Source "ChessBase"]
[SourceDate "2010.09.01"]
[SourceVersion "1"]
[SourceVersionDate "2010.09.01"]
[SourceQuality "1"]

1. e4 e5 2. f4 d5 3. exd5 exf4 4. Nf3 Nf6 5. Bc4 c6 6. d4 cxd5 7. Bb3 Bd6 8. 0-0 0-0 9. Nc3 Be6 10. Ng5 Bg4 11. Qd3 h6 12. Nh3 f3 13. Bf4 Nc6 14. Nxd5 Nxd5 15. Bxd5 Nb4 16. Qg6 Bxf4 17. Qxg4 Be3+ 18. Kh1 fxg2+ 19. Bxg2 Nxc2 20. Rad1 Bxd4 21. Qe4 Rc8 22. Rd2 Re8 23. Qf5 Qf6 24. Qd3 Qg6 25. Qxg6 fxg6 26. Bxb7 Rc7 27. Bd5+ Kh7 28. Rc1 Rec8 29. Rcxc2 Rxc2 30. Rxd4 Rxb2 31. Rc4 Rd8 32. Nf4 Rxa2 33. Rc7 Rf2 34. Rc4 Rxf4 35. Rxf4 Rxd5 36. Ra4 Rd7 37. Ra6 g5 38. Kg2 Rf7 39. Kg3 Kg8 40. Kg2 Kf8 41. Kg3 Ke8 42. Kg2 Kd8 43. Kg3 Kc8 44. Kg2 Kb7 45. Ra1 a6 46. Rb1+ Ka7 47. Kg3 a5 48. Ra1 Ka6 49. Kg2 Rf4 50. Re1 a4 51. Re8 Ka5 52. Re7 a3 53. Ra7+ Kb4 54. Rxg7 Kb3 0-1

[Event "GBR-ch 97th"]
[Site "Canterbury"]
[Date "2010.07.27"]
[Round "2"]
[White "Bates, Richard"]
[Black "Helbig, Paul"]
[Result "1-0"]
[WhiteElo "2382"]
[BlackElo "2160"]
[PlyCount "79"]
[EventDate "2010.07.26"]
[EventType "swiss"]
[EventRounds "11"]
[EventCountry "ENG"]
[SourceTitle "CBM 137 Extra"]
[Source "ChessBase"]
[SourceDate "2010.09.01"]
[SourceVersion "1"]
[SourceVersionDate "2010.09.01"]
[SourceQuality "1"]

1. d4 Nf6 2. Nf3 g6 3. g3 Bg7 4. Bg2 0-0 5. 0-0 d6 6. c4 Nc6 7. Nc3 e5 8. d5 Ne7 9. e4 Ne8 10. Bd2 f5 11. Ng5 h6 12. Ne6 Bxe6 13. dxe6 c6 14. h4 Nc7 15. h5 g5 16. Qb3 Kh8 17. c5 dxc5 18. Be3 b6 19. exf5 Nxf5 20. Bxc6 Nd4 21. Bxd4 exd4 22. Rae1 Qe7 23. Nd5 Nxd5 24. Bxa8 Rxa8 25. Qxd5 Rd8 26. Qb3 d3 27. Re4 Bd4 28. Kg2 d2 29. Rd1 Bf6 30. Qe3 Bxb2 31. Rxd2 Bd4 32. Qf3 Rf8 33. Qg4 Rf6 34. Ree2 Qb7+ 35. f3 Qe7 36. Qe4 Kg7 37. Qd5 Rf8 38. a4 a5 39. Qc6 g4 40. f4 1-0

[Event "East Devon op"]
[Site "Exeter"]
[Date "2009.03.07"]
[Round "3"]
[White "Bourne, Johnathan"]
[Black "Helbig, Paul"]
[Result "1/2-1/2"]
[WhiteElo "1880"]
[BlackElo "2072"]
[PlyCount "45"]
[EventDate "2009.03.06"]
[EventType "swiss"]
[EventRounds "5"]
[EventCountry "ENG"]
[SourceTitle "EXT 2011"]
[Source "ChessBase"]
[SourceDate "2010.11.26"]
[SourceVersion "1"]
[SourceVersionDate "2010.11.26"]
[SourceQuality "1"]

1. d4 Nf6 2. Bg5 c5 3. Bxf6 gxf6 4. d5 Qb6 5. Qc1 f5 6. e3 Bg7 7. c3 Qd6 8. c4 b5 9. Nc3 b4 10. Nb5 Qb6 11. d6 exd6 12. Qd2 Ke7 13. Rd1 Be5 14. f4 a6 15. fxe5 axb5 16. exd6+ Kd8 17. Qd5 Bb7 18. Qxf7 Re8 19. cxb5 Rxe3+ 20. Be2 Re8 21. Kf1 Re6 22. Qf8+ Re8 23. Qf7 1/2-1/2

[Event "East Devon op"]
[Site "Exeter"]
[Date "2009.03.07"]
[Round "2"]
[White "Helbig, Paul"]
[Black "Jepps, Gerry N"]
[Result "1/2-1/2"]
[WhiteElo "2072"]
[BlackElo "1920"]
[PlyCount "91"]
[EventDate "2009.03.06"]
[EventType "swiss"]
[EventRounds "5"]
[EventCountry "ENG"]
[SourceTitle "EXT 2011"]
[Source "ChessBase"]
[SourceDate "2010.11.26"]
[SourceVersion "1"]
[SourceVersionDate "2010.11.26"]
[SourceQuality "1"]

1. e4 d5 2. exd5 Nf6 3. d4 Bg4 4. Nf3 Qxd5 5. Be2 Nc6 6. Nc3 Qh5 7. 0-0 0-0-0 8. h3 Nxd4 9. Nxd4 Bxe2 10. Ncxe2 e5 11. Be3 exd4 12. Nxd4 Bc5 13. Qxh5 Nxh5 14. Nc6 Rd5 15. c4 Rf5 16. Bxc5 Rxc5 17. Nxa7+ Kb8 18. Nb5 Rxc4 19. Nc3 Re8 20. g3 Nf6 21. Rfe1 Rb4 22. Rxe8+ Nxe8 23. Rd1 Nd6 24. b3 Rb6 25. Nd5 Rc6 26. Ne3 Kc8 27. g4 g6 28. g5 Rc5 29. h4 Kd7 30. Nc4 Ke6 31. Re1+ Kd5 32. Rd1+ Ke6 33. Re1+ Kd5 34. Rd1+ Ke6 35. Nxd6 cxd6 36. Rd4 b5 37. a4 bxa4 38. bxa4 d5 39. Rd3 Ra5 40. Ra3 d4 41. Kf1 Kd5 42. Kg2 Ke4 43. f3+ Kf4 44. Kf2 Ke5 45. Ke2 Kf4 46. Kf2 1/2-1/2